Lịch sử sân khấu thế giới; T3

Đã lưu trong:
Bibliografiske detaljer
Hovedforfatter: Lịch sử sân khấu thế giới; T3
Format: Bog
Sprog:Undetermined
Udgivet: Hà Nội Văn hóa 1978
Fag:
Tags: Tilføj Tag
Ingen Tags, Vær først til at tagge denne postø!
Thư viện lưu trữ: Trung tâm Học liệu Trường Đại học Cần Thơ
LEADER 00615nam a2200169Ia 4500
001 CTU_9858
008 210402s9999 xx 000 0 und d
082 |a 792.09 
082 |b M716/T3 
100 |a Lịch sử sân khấu thế giới; T3 
245 0 |a Lịch sử sân khấu thế giới; T3 
245 0 |c Lịch sử sân khấu thế giới; T3, X. X. Mukunski; Dịch giả: Đức Nam, Hoàng Oanh, Hải Dương 
260 |a Hà Nội 
260 |b Văn hóa 
260 |c 1978 
650 |a theater - history 
980 |a Trung tâm Học liệu Trường Đại học Cần Thơ